000
00236nam a22001217a 4500
003
SGT
082
_b
MAL
100
_a
MALHOTRA, RAJIV
245
_a
VIBHINTA
260
_a
INDIA
_b
SHIKSA PUB.
_c
2013
300
_a
466
942
_2
ddc
_c
BK
999
_c
19949
_d
19949